<?xml version="1.0" encoding="UTF-8"?>
<record
    xmlns:xsi="http://www.w3.org/2001/XMLSchema-instance"
    xsi:schemaLocation="http://www.loc.gov/MARC21/slim http://www.loc.gov/standards/marcxml/schema/MARC21slim.xsd"
    xmlns="http://www.loc.gov/MARC21/slim">

  <leader>02587nam a2200289 u 4500</leader>
  <controlfield tag="001">000032046</controlfield>
  <controlfield tag="003">OSt</controlfield>
  <controlfield tag="005">20260321073642.0</controlfield>
  <controlfield tag="008">100813s2015    dr            000 0 spa d</controlfield>
  <datafield tag="020" ind1=" " ind2=" ">
    <subfield code="a">9789945166965</subfield>
  </datafield>
  <datafield tag="040" ind1=" " ind2=" ">
    <subfield code="a">DO-SdBNP</subfield>
    <subfield code="b">spa</subfield>
    <subfield code="c">BNPHU</subfield>
  </datafield>
  <datafield tag="082" ind1=" " ind2=" ">
    <subfield code="a">410</subfield>
    <subfield code="b">M971n</subfield>
  </datafield>
  <datafield tag="100" ind1="1" ind2=" ">
    <subfield code="a">Mu&#xF1;oz Pineda, Yonni,</subfield>
    <subfield code="d">1964-</subfield>
    <subfield code="9">42962</subfield>
  </datafield>
  <datafield tag="245" ind1="1" ind2="0">
    <subfield code="a">Nociones ling&#xFC;&#xED;sticas elementales /</subfield>
    <subfield code="c">Yonni Mu&#xF1;oz Pineda.</subfield>
  </datafield>
  <datafield tag="260" ind1=" " ind2=" ">
    <subfield code="a">Santo Domingo :</subfield>
    <subfield code="b">B&#xFA;ho,</subfield>
    <subfield code="c">2015.</subfield>
  </datafield>
  <datafield tag="300" ind1=" " ind2=" ">
    <subfield code="a">190 p. ;</subfield>
    <subfield code="c">22 cm.</subfield>
  </datafield>
  <datafield tag="500" ind1=" " ind2=" ">
    <subfield code="a">Incluye datos biogr&#xE1;ficos del autor en la contracubierta</subfield>
  </datafield>
  <datafield tag="504" ind1=" " ind2=" ">
    <subfield code="a">Bibliograf&#xED;a: p.187-190</subfield>
  </datafield>
  <datafield tag="505" ind1="0" ind2=" ">
    <subfield code="a">Aspectos, disciplinas y especialidades ling&#xFC;isticas. Pr&#xE1;ctica 1. Texto para leer, analizar y comentar: nos han dado la tierra /</subfield>
    <subfield code="r">Juan Rulfo --</subfield>
    <subfield code="t">Lenguaje, lengua, habla y unidades lig&#xFC;isticas. Pr&#xE1;ctica 2. Texto para leer, analizar y comentar: la mancha indeleble /</subfield>
    <subfield code="r">Juan Bosch --</subfield>
    <subfield code="t">Evoluci&#xF3;n de los estudios ling&#xFC;isticos. Pr&#xE1;ctica 3. Texto para leer, analizar y comenta : Armon&#xED;a y relaciones humanas /</subfield>
    <subfield code="r">Gregorio Mateu --</subfield>
    <subfield code="t">Corrientes ling&#xFC;&#xED;sticas contempor&#xE1;neas. Pr&#xE1;ctica 4. Texto para leer, analizar y comentar: Como gata boca arriba /</subfield>
    <subfield code="r">Gioconda Belli --</subfield>
    <subfield code="t">Producci&#xF3;n, propaganda y audici&#xF3;n de los sonidos del habla. Pr&#xE1;ctica 5.Texto para leer, analizar y comentar: "Bailando con los negros" /</subfield>
    <subfield code="r">Pablo Neruda --</subfield>
    <subfield code="t">Fonemas y grupos fon&#xE9;ticos. Pr&#xE1;tica 6. Texto para leer, analizar y comentar: "Po&#xE9;tica de los d&#xED;as"</subfield>
    <subfield code="r">Edwin Guzm&#xE1;n --</subfield>
    <subfield code="t">Rasgos f&#xF3;nicos y oposiciones fonol&#xF3;gicas. Pr&#xE1;ctica 7. Texto para leer, analizar y comentar: T&#xFA; me quieres blanca /</subfield>
    <subfield code="r">Alfonsina Storni --</subfield>
    <subfield code="t">Alteraciones de las normas : fon&#xE9;tico-fonol&#xF3;gicas del espa&#xF1;ol. Pr&#xE1;ctica 8. Texto para leer, analizar y comentar : la jacag&#xFC;era /</subfield>
    <subfield code="r">Mar&#xED;a D&#xED;az de Stern --</subfield>
    <subfield code="t">Estructuraci&#xF3;n de las palabras. Pr&#xE1;ctica 9. Texto para leer, analizar y comentar : Una gallina/</subfield>
    <subfield code="r">Clarice Lispector --</subfield>
    <subfield code="t">Nombres, pronombres, determinantes y adjetivos. Pr&#xE1;ctica 10. Texto para leer, analizar y comentar: Ladr&#xF3;n de s&#xE1;bado /</subfield>
    <subfield code="r">Gabriel Garc&#xED;a M&#xE1;rquez --</subfield>
    <subfield code="t">El verbo. Pr&#xE1;ctica 11. Texto para leer, analizar y comentar: El centavo /</subfield>
    <subfield code="r">Manuel del Cabral --</subfield>
    <subfield code="t">Adverbio, preposici&#xF3;n, conjunci&#xF3;n e interjecci&#xF3;n. Pr&#xE1;ctica 12. Texto para leer, analizar y comentar: &#xA1;Qu&#xE9; es la autoestima?</subfield>
    <subfield code="r">Ivelisse Ornes.</subfield>
  </datafield>
  <datafield tag="590" ind1=" " ind2=" ">
    <subfield code="a">Inventariado, 2018/VM</subfield>
  </datafield>
  <datafield tag="600" ind1="1" ind2="0">
    <subfield code="a"> Bosch, Juan, </subfield>
    <subfield code="d">1909-2001</subfield>
    <subfield code="9">76555</subfield>
  </datafield>
  <datafield tag="600" ind1="1" ind2="4">
    <subfield code="a">Mateu, Gregorio,</subfield>
    <subfield code="x">Cr&#xED;tica textual</subfield>
    <subfield code="9">58176</subfield>
  </datafield>
  <datafield tag="600" ind1="1" ind2="4">
    <subfield code="a">Billi, Gioconda,</subfield>
    <subfield code="x">Cr&#xED;tica textual</subfield>
    <subfield code="9">58177</subfield>
  </datafield>
  <datafield tag="650" ind1=" " ind2="4">
    <subfield code="a">Lingu&#xED;stica</subfield>
    <subfield code="9">1604</subfield>
  </datafield>
  <datafield tag="910" ind1=" " ind2=" ">
    <subfield code="a">Validado. Control de calidad MFF</subfield>
  </datafield>
  <datafield tag="942" ind1=" " ind2=" ">
    <subfield code="2">ddc</subfield>
    <subfield code="c">LBS1</subfield>
  </datafield>
  <datafield tag="952" ind1=" " ind2=" ">
    <subfield code="0">0</subfield>
    <subfield code="1">0</subfield>
    <subfield code="5">4</subfield>
    <subfield code="7">0</subfield>
    <subfield code="8">DS</subfield>
    <subfield code="a">GR</subfield>
    <subfield code="b">GR</subfield>
    <subfield code="c">HD</subfield>
    <subfield code="d">2011-07-12</subfield>
    <subfield code="i">LF1</subfield>
    <subfield code="l">0</subfield>
    <subfield code="o">410 M971n</subfield>
    <subfield code="p">32046-30</subfield>
    <subfield code="r">2020-06-25</subfield>
    <subfield code="t">e. 3</subfield>
    <subfield code="w">2020-06-25</subfield>
    <subfield code="y">LFDS</subfield>
    <subfield code="Z">Pr&#xE9;stamo en sala</subfield>
  </datafield>
  <datafield tag="952" ind1=" " ind2=" ">
    <subfield code="0">0</subfield>
    <subfield code="1">0</subfield>
    <subfield code="7">1</subfield>
    <subfield code="8">PD</subfield>
    <subfield code="a">PD</subfield>
    <subfield code="b">PD</subfield>
    <subfield code="c">HD</subfield>
    <subfield code="d">2011-07-12</subfield>
    <subfield code="i">LF1</subfield>
    <subfield code="l">0</subfield>
    <subfield code="o">410 M971n</subfield>
    <subfield code="p">32046-10</subfield>
    <subfield code="r">2020-06-25</subfield>
    <subfield code="w">2020-06-25</subfield>
    <subfield code="y">LFPD</subfield>
    <subfield code="Z">No se presta</subfield>
  </datafield>
  <datafield tag="952" ind1=" " ind2=" ">
    <subfield code="0">0</subfield>
    <subfield code="1">0</subfield>
    <subfield code="7">1</subfield>
    <subfield code="8">PD</subfield>
    <subfield code="a">PD</subfield>
    <subfield code="b">PD</subfield>
    <subfield code="c">HD</subfield>
    <subfield code="d">2011-07-12</subfield>
    <subfield code="i">LF1</subfield>
    <subfield code="l">0</subfield>
    <subfield code="o">410 M971n</subfield>
    <subfield code="p">32046-20</subfield>
    <subfield code="r">2020-06-25</subfield>
    <subfield code="t">e. 2</subfield>
    <subfield code="w">2020-06-25</subfield>
    <subfield code="y">LFPD</subfield>
    <subfield code="Z">No se presta</subfield>
  </datafield>
  <datafield tag="999" ind1=" " ind2=" ">
    <subfield code="c">31537</subfield>
    <subfield code="d">31537</subfield>
  </datafield>
</record>
